Visualizzazione normale
Vista MARC
- Elkind Rachel
di Personal Name
Records bibliografici associati: 1
001 - CONTROL NUMBER
- control field: 947
003 - CONTROL NUMBER IDENTIFIER
- control field: IT-RoPau
005 - DATE AND TIME OF LATEST TRANSACTION
- control field: 20131104220320.0
008 - FIXED-LENGTH DATA ELEMENTS
- fixed length control field: 131104|| aca||aabn | a|a d
040 ## - CATALOGING SOURCE
- Original cataloging agency: IT-RoPau
- Transcribing agency: IT-RoPau
100 ## - HEADING--PERSONAL NAME
- Personal name: Elkind Rachel
- Dates associated with a name: Codice autore testo SPICS: 13270
- Name of part/section of a work: Main Title "The Shining" - Rocky Mountains
670 ## - SOURCE DATA FOUND
- Source citation: Work cat.: (IT-RoPau)100098: AA.VV. 794, Shining (The)-Colonna sonora (Lp W 56827)